| 000 | 00780nam a22002177a 4500 | ||
|---|---|---|---|
| 999 |
_c15834 _d15834 |
||
| 003 | MIRAKIL | ||
| 005 | 20240328124046.0 | ||
| 008 | 240328b tu ||||| |||| 00| 0 tur d | ||
| 020 | _a9789751611543 | ||
| 040 |
_aTR-AnCHP _cTR-AnCHP |
||
| 041 | _atur | ||
| 082 |
_a813.42 _bG99 2019 |
||
| 245 | 1 | 0 |
_aGüzel yazılar : _bromanlar / _chazırlayanlar İsmail Parlatır... [ve başkaları] |
| 260 |
_aAnkara : _bTürk Dil Kurumu Yayınları, _c2019. |
||
| 300 |
_axv, 704 s. ; _c20 cm. |
||
| 490 | 0 |
_aAtatürk Kültür, Dil ve Tarih Yüksek Kurumu Türk Dil Kurumu yayınları ; _v645. |
|
| 490 | 0 |
_aGüzel yazılar dizisi ; _v9. |
|
| 650 | 0 |
_95539 _aTürk Romanı |
|
| 856 | _zDijital Nüshası için Partimizin Kütüphane Sorumlusu ile iletişime geçiniz. | ||
| 942 |
_2ddc _cBKS |
||